[Event "PER-ch"]
[White "Ramirez Mori, Angel Farid"]
[Black "Altamirano Porras, Ricardo Enrique"]
[Site "Lima"]
[Round "4"]
[Result "0-1"]
[Date "2023.08.31"]
[WhiteElo "1476"]
[BlackElo "1980"]
[PlyCount "36"]
[EventDate "2023.08.29"]
[EventType "swiss"]
[EventRounds "9"]
[EventCountry "PER"]
[SourceTitle "CBM 216 Extra"]
[Source "ChessBase"]
[SourceDate "2023.11.30"]
[SourceVersion "1"]
[SourceVersionDate "2023.11.30"]
[SourceQuality "1"]

1. e4 e6 2. d4 d5 3. Nd2 c5 4. exd5 Qxd5 5. Ngf3 Nc6 6. Bc4 Qd7 7. Bb5 cxd4 8. Ne5 Qd5 9. Qe2 Bd6 10. Ndc4 Bc7 11. Bf4 Kf8 12. a4 Nxe5 13. Nxe5 Ba5+ 14. c3 f6 15. Nc4 a6 16. 0-0-0 axb5 17. Rxd4 Qxg2 18. Rd8+ Bxd8 0-1

[Event "Huanuco Navidad op 1st"]
[White "Altamirano Porras, Ricardo Enrique"]
[Black "Garcia Amiquero, Manuel"]
[Site "Huanuco"]
[Round "3"]
[Result "1-0"]
[Date "2019.12.21"]
[WhiteElo "2034"]
[BlackElo "1880"]
[PlyCount "79"]
[EventDate "2019.12.21"]
[EventType "swiss"]
[EventRounds "6"]
[EventCountry "PER"]
[SourceTitle "CBM 194 Extra"]
[Source "ChessBase"]
[SourceDate "2020.03.31"]
[SourceVersion "1"]
[SourceVersionDate "2020.03.31"]
[SourceQuality "1"]

1. e4 d6 2. d4 Nf6 3. Nc3 g6 4. Be3 Bg7 5. f3 0-0 6. Qd2 Nc6 7. 0-0-0 e5 8. d5 Nd4 9. Nge2 Nxe2+ 10. Bxe2 Ne8 11. g4 c6 12. h4 cxd5 13. Nxd5 Be6 14. h5 Bxd5 15. Qxd5 Qc7 16. hxg6 hxg6 17. Bc4 Nf6 18. Qd3 b5 19. Bxb5 Rab8 20. g5 Nh5 21. Bc4 Nf4 22. Bxf4 exf4 23. Bb3 Rfc8 24. Rd2 a5 25. Qxd6 Qxd6 26. Rxd6 a4 27. Bxa4 Bxb2+ 28. Kd2 Rd8 29. Rxd8+ Rxd8+ 30. Ke2 Kg7 31. Bb3 Bc3 32. Bd5 f6 33. Kd3 Rc8 34. gxf6+ Kxf6 35. Rb1 Ba5 36. c4 g5 37. Rb5 Be1 38. Rb6+ Kg7 39. e5 Bf2 40. Rc6 1-0

[Event "Tingo Maria op 5th"]
[White "Altamirano Porras, Ricardo Enrique"]
[Black "Egoavil Jump, Giannfranco"]
[Site "Tingo Maria"]
[Round "6"]
[Result "1-0"]
[Date "2012.10.14"]
[WhiteElo "2019"]
[BlackElo "1886"]
[PlyCount "81"]
[EventDate "2012.10.12"]
[EventType "swiss"]
[EventRounds "7"]
[EventCountry "PER"]
[SourceTitle "EXT 2013"]
[Source "ChessBase"]
[SourceDate "2012.11.22"]
[SourceVersion "1"]
[SourceVersionDate "2012.11.22"]
[SourceQuality "1"]

1. e4 e5 2. Nf3 d6 3. d4 exd4 4. Qxd4 Nc6 5. Bb5 Bd7 6. Bxc6 bxc6 7. Nc3 c5 8. Qd3 Nf6 9. Bg5 Be7 10. h3 0-0 11. 0-0-0 Be6 12. g4 c4 13. Qe2 Nd7 14. Bxe7 Qxe7 15. Nd4 Qg5+ 16. Kb1 Nb6 17. Rhf1 a5 18. f4 Qc5 19. f5 Bd7 20. f6 a4 21. a3 Rab8 22. Ka1 Rfe8 23. Qd2 Re5 24. Nf5 Bxf5 25. gxf5 Nd7 26. fxg7 Qb6 27. Rb1 Nc5 28. Qh6 Nxe4 29. Nxe4 Rxe4 30. Qd2 c5 31. f6 Rd4 32. Qc3 d5 33. Rf5 Qe6 34. Rf2 Re4 35. Qg3 Rb7 36. Qf3 Re3 37. Qf5 c3 38. Qxe6 fxe6 39. bxc3 Rxb1+ 40. Kxb1 Kf7 41. Rg2 1-0

[Event "Tingo Maria op 5th"]
[White "Altamirano Porras, Ricardo Enrique"]
[Black "Chavez Melendez, Raul Angel"]
[Site "Tingo Maria"]
[Round "1"]
[Result "1-0"]
[Date "2012.10.12"]
[WhiteElo "2019"]
[BlackElo "1566"]
[PlyCount "43"]
[EventDate "2012.10.12"]
[EventType "swiss"]
[EventRounds "7"]
[EventCountry "PER"]
[SourceTitle "EXT 2013"]
[Source "ChessBase"]
[SourceDate "2012.11.22"]
[SourceVersion "1"]
[SourceVersionDate "2012.11.22"]
[SourceQuality "1"]

1. e4 c5 2. Nf3 d6 3. d4 cxd4 4. Nxd4 Nf6 5. Nc3 a6 6. f4 e6 7. a4 Nc6 8. Nb3 Be7 9. Be3 Bd7 10. a5 Na7 11. e5 dxe5 12. fxe5 Nd5 13. Nxd5 exd5 14. Qxd5 Bc6 15. Qxd8+ Rxd8 16. Bxa7 0-0 17. Nd4 f6 18. Bc4+ Bd5 19. Bxd5+ Rxd5 20. e6 Re5+ 21. Kf2 Rd8 22. c3 1-0